Irrfan: A Life in Movies (Record no. 41458)

MARC details
000 -LEADER
fixed length control field 00354nam a2200133Ia 4500
008 - FIXED-LENGTH DATA ELEMENTS--GENERAL INFORMATION
fixed length control field 240719s9999 xx 000 0 und d
041 ## - LANGUAGE CODE
Language code of text/sound track or separate title eng
082 ## - DEWEY DECIMAL CLASSIFICATION NUMBER
Classification number 920 GUP
100 ## - MAIN ENTRY--PERSONAL NAME
Personal name Gupta, Shubhra
245 ## - TITLE STATEMENT
Title Irrfan: A Life in Movies
260 ## - PUBLICATION, DISTRIBUTION, ETC.
Place of publication, distribution, etc. New Dehli
Name of publisher, distributor, etc. Macmillan
Date of publication, distribution, etc. 2023
300 ## - PHYSICAL DESCRIPTION
Extent 397;. P. 22 cm
520 ## - SUMMARY, ETC.
Summary, etc. Faculty Purchase By Dr. Jitendra Sharma
Holdings
Withdrawn status Lost status Damaged status Not for loan Home library Current library Shelving location Date acquired Source of acquisition Cost, normal purchase price Full call number Barcode Date last seen Price effective from Koha item type
        IMTN IMTN Rack 43-B 10/31/2023 Amazon 579.00 920 GUP 33153 07/19/2024 09/19/2023 Books
Designed & Maintained by: LRC IMT Nagpur Contact: lrc@imtnag.ac.in© 2024. All Rights Reserved.